<?xml version="1.0" encoding="UTF-8"?>
<record
    xmlns:xsi="http://www.w3.org/2001/XMLSchema-instance"
    xsi:schemaLocation="http://www.loc.gov/MARC21/slim http://www.loc.gov/standards/marcxml/schema/MARC21slim.xsd"
    xmlns="http://www.loc.gov/MARC21/slim">

  <leader>01509nam a22002657i 4500</leader>
  <datafield tag="999" ind1=" " ind2=" ">
    <subfield code="c">23084</subfield>
    <subfield code="d">23084</subfield>
  </datafield>
  <controlfield tag="003">AR-CdUCM</controlfield>
  <controlfield tag="008">241002b20162016spa||||| |||| 00| 0 spa d</controlfield>
  <datafield tag="020" ind1=" " ind2=" ">
    <subfield code="a">978-612-4329-09-8</subfield>
  </datafield>
  <datafield tag="040" ind1=" " ind2=" ">
    <subfield code="a">MUNICIPALIDAD PROVINCIAL DEL CUSCO</subfield>
    <subfield code="c">BIBLIOTECA MUNICIPAL DEL CUSCO</subfield>
  </datafield>
  <datafield tag="082" ind1=" " ind2=" ">
    <subfield code="a">985.21 / CH66</subfield>
    <subfield code="b">CH66</subfield>
  </datafield>
  <datafield tag="100" ind1=" " ind2=" ">
    <subfield code="a">Chocano, Magdalena</subfield>
  </datafield>
  <datafield tag="245" ind1=" " ind2=" ">
    <subfield code="a">Una Historia Provincial. Conchucos, de la Colonia a la Rep&#xFA;blica : </subfield>
    <subfield code="b">Territorio, Poblaci&#xF3;n y Econom&#xED;a /</subfield>
  </datafield>
  <datafield tag="260" ind1=" " ind2=" ">
    <subfield code="a">Lima :</subfield>
    <subfield code="b">Fondo Editorial del Congreso del Peru</subfield>
    <subfield code="c">2016</subfield>
  </datafield>
  <datafield tag="300" ind1=" " ind2=" ">
    <subfield code="a">426 p&#xE1;ginas. :</subfield>
    <subfield code="c">24x16 cm.</subfield>
  </datafield>
  <datafield tag="500" ind1=" " ind2=" ">
    <subfield code="z">Bibliograf&#xED;a: p&#xE1;ginas 387- 426</subfield>
  </datafield>
  <datafield tag="505" ind1=" " ind2=" ">
    <subfield code="a">Demarcaci&#xF3;n e informaci&#xF3;n Geogr&#xE1;fica -- Grupos &#xE9;tnicos en los valles entre la cordilla Blanca y el Mara&#xF1;&#xF3;n -- La Reforma del Virreinato: intendentes, sub delegados y partidos 96 -- Cambios en la demograf&#xED;a  fiscal del siglo XVIII  a la Rep&#xFA;blica -- El micro nivel de la evoluci&#xF3;n demogr&#xE1;fica: &#xED;ndices de "indianidad  y migraci&#xF3;n en el antiguo Conchucos  --  Medidas y dimensiones. La Distribuci&#xF3;n de tierras a los comunes de indios -- Reg&#xED;menes  de propiedad de los obrajes de Conchucos  - Las tazas y el excedente campesino -- Mitas y otras formas de trabajo en el sector agropecuario</subfield>
  </datafield>
  <datafield tag="650" ind1=" " ind2=" ">
    <subfield code="a">Demarcaci&#xF3;n Geogr&#xE1;fica</subfield>
    <subfield code="9">50659</subfield>
  </datafield>
  <datafield tag="650" ind1=" " ind2=" ">
    <subfield code="a">Cordillera Blanca</subfield>
    <subfield code="9">50660</subfield>
  </datafield>
  <datafield tag="650" ind1=" " ind2=" ">
    <subfield code="a"> Virreinato</subfield>
    <subfield code="9">6280</subfield>
  </datafield>
  <datafield tag="650" ind1=" " ind2=" ">
    <subfield code="a"> Evoluci&#xF3;n demogr&#xE1;fica</subfield>
    <subfield code="9">50661</subfield>
  </datafield>
  <datafield tag="856" ind1=" " ind2=" ">
    <subfield code="f">www.congreso.gob.p</subfield>
  </datafield>
  <datafield tag="942" ind1=" " ind2=" ">
    <subfield code="2">ddc</subfield>
    <subfield code="c">LIBROS</subfield>
  </datafield>
  <datafield tag="945" ind1=" " ind2=" ">
    <subfield code="a">pbj</subfield>
    <subfield code="d">02-10-2024</subfield>
  </datafield>
  <datafield tag="952" ind1=" " ind2=" ">
    <subfield code="0">0</subfield>
    <subfield code="2">ddc</subfield>
    <subfield code="4">0</subfield>
    <subfield code="7">0</subfield>
    <subfield code="a">SH</subfield>
    <subfield code="b">SH</subfield>
    <subfield code="c">CART</subfield>
    <subfield code="d">2024-10-02</subfield>
    <subfield code="e">Donaci&#xF3;n</subfield>
    <subfield code="g">50.00</subfield>
    <subfield code="o">985.21 /  CH66</subfield>
    <subfield code="p">SH0000016818</subfield>
    <subfield code="r">2024-10-02</subfield>
    <subfield code="y">LIBROS</subfield>
  </datafield>
</record>
